Регионална библиотека "Любен Каравелов" - Русе

Сантименталният мъж (Запис номер 195922)

MARC детайли
000 -Лидер
Контролно поле с фиксирана дължина 01399nam a2200349 c 4500
003 - Код на организацията, давaща контролен номер
Контролно поле BLK
005 - Дата и час на последна редакция
Контролно поле 20180711164102.0
008 - Елементи от данни с фиксирана дължина
fixed length control field 180411b bul|||||r ||||||| ||bul||
010 ## - Наследен системен номер
LC control number KNG00205177000
020 ## - Международен стандартен номер на книга ISBN
Международен стандартен номер на книга ISBN 978-619-150-979-9
-- издат.: Колибри
040 ## - Източник на каталожния запис
Идентификатор на билиотеката - собственик на записа BLK
041 ## - Код за език
Код за езика на текст/звукозапис или на отделно заглавие Български
Код за езика КДБФ Български
072 #7 - Код за тематичната категория
Код организация bullib
Код за тематична категория Н83
Текст Чужда художествена литература Н
080 ## - УДК
Текстов определител УДК Испанска литература
УДК код - определител по УДК 821.134.2
УДК определител -31
УДК - код + определител 821.134.2-31
100 1# - Редна дума - Автор
Автор Мариас, Хавиер
Авторска отговорност първи автор
R(LIN) 92647
139 ## - Редно поле
Редна дума Мариас, Хавиер
Авторски знак Мари - М 31
245 10 - Сведения за заглавието
Заглавие Сантименталният мъж
Подзаглавни данни Роман
Редно поле (дума) Хавиер Мариас; прев. от исп. Теодора Людмилова Цанкова.
257 ## - Страна на издаване
Страна на създаване/издаване Испания
260 ## - Област на издателските данни
-- София
Име на издателя, разпространителя и проч. Колибри
Година на издаване 2017
300 ## - Физическа характеристика
Страници 174 с.
Размери/Мащаб 20 см
380 ## - Жанр
Жанр Худож. лит.
490 1# - СЕРИИ (Колекции)
Име на серия Съвременна европейска проза
500 ## - Общи забележки
Забележка Ориг. загл. El hombre sentimental / Javier Marias. - Съдържа и за авт.
653 ## - Ключова дума – ненормативна
Ключова дума романи
659 ## - Тематичен бюлетин
Тематичен бюлетин Н
700 1# - Други автори (авторска отговорност)
Лично име Цанкова, Теодора Людмилова
Автороска отговорност (Описва отношението между автора и произведението) прев. от исп.
9 (RLIN) 385487
852 ## - Местоположение
Форматна сигнатура Цб 285211
856 4# - Електронен адрес и достъп
Електронен формат pdf - файл
Път до файла /url/
856 4# - Електронен адрес и достъп
Електронен формат pdf - файл
Път до файла /url/
942 ## - АРТИКУЛИ
Вид на библиотечния материал Книги
Скрит в OPAC Не
Koha issues (borrowed), all copies 1
944 ## - СЪЗДАВАНЕ И РЕДАКЦИЯ на ЗАПИСА
Създаване/Редакция Създаване
Дата на регистрацията/редакция 19.04.2017
Статус, дата на статуса ф /
Служител, извършил регистрацията/редакцията Виолета_Тройчева
944 ## - СЪЗДАВАНЕ И РЕДАКЦИЯ на ЗАПИСА
Създаване/Редакция Редакция
Дата на регистрацията/редакция 17.11.2017
Статус, дата на статуса ф /
Служител, извършил регистрацията/редакцията Пенка_Димитрова
999 ## - СИСТЕМНИ КОНТРОЛНИ НОМЕРА
Koha biblionumber 195922
Koha biblioitemnumber 195922
Наличности
Код за отписване Код за изгубен артикул Код за повреда Коз за рестрикции Код за отдаване Артикулен № Име на библиотеката - собственик Име на библиотеката, в която се намира в момента Статус (Текущо местоположение) Дата на вписване в системата Местоположение - отдел Цена в лева Инвентарен номер Систематично азбучна сигнатура Баркод Номер на екземпляра Цена в евро Служебна бележка Служебен тип на артикула
  Не е изгубен Не е повреден без рестрикции заемане за дома 341905 Регионална библиотека "Любен Каравелов" Русе Регионална библиотека "Любен Каравелов" Русе Заемна - подръчен фонд 2017-04-22 Заемна - подръчен фонд 15.00 120000810171 П 860-31/М 31 120000810171 1 7.67 Дост: Pk Вид: Ф N: 487 Дата: 13.04.2017 Дата инв: 09.02.2018 Бележки инв: П2018 Книги
  Не е изгубен Не е повреден без рестрикции ползва се в читалня 341906 Регионална библиотека "Любен Каравелов" Русе Регионална библиотека "Любен Каравелов" Русе Хранилище 2017-11-16 Хранилище 15.00 120000816836 Цб 285211 120000816836 2 7.67 Дост: Dp Вид: Д N: 41 Дата: 13.09.2017 Книги
Vip Innovations Ltd, Rousse, Bulgaria 2025